| 000 | 01074cam a22003255a 4500 | ||
|---|---|---|---|
| 003 | EG-ScBUE | ||
| 005 | 20220314121728.0 | ||
| 008 | 150813r19881981wau f 000 f eng d | ||
| 020 | _a0894102826 | ||
| 020 | _a0894102818 | ||
| 040 |
_aEG-ScBUE _beng _erda _cEG-ScBUE _dEG-ScBUE |
||
| 041 | 1 |
_aeng _hara |
|
| 082 | 0 | 4 |
_a892.736 _bMAH _222 |
| 100 | 1 |
_aMaḥfūẓ, Najīb, _d1911-2006, _eauthor. |
|
| 245 | 1 | 0 |
_aMidaq Alley / _cNaguib Mahfouz ; translated from the Arabic by Trevor Le Gassick. |
| 250 | _aThird printing. | ||
| 264 | 1 |
_aWashington, D.C. : _bThree Continents Press, Inc., _c1988. |
|
| 300 |
_axxiii, 246 pages ; _c22 cm |
||
| 336 |
_2rdacontent _atext _btxt |
||
| 337 |
_2rdamedia _aunmediated _bn |
||
| 338 |
_2rdacarrier _avolume _bnc |
||
| 546 | _aText in English ; translated from original Arabic. | ||
| 650 | _2BUEsh | ||
| 651 | 7 |
_aCairo (Egypt) _vFiction. _2BUEsh |
|
| 653 |
_bARALIT _cAugust2015 |
||
| 655 |
_vReading book _934232 |
||
| 700 | 1 |
_aLe Gassick, Trevor, _etranslator. |
|
| 942 |
_cBB _2ddc |
||
| 999 |
_c3000 _d3000 |
||